Conversaciones de Claudio di Girolamo con...Francisco Brugnoli, Néstor Olhagaray, Milan Ivelic, Mauricio Redolés
Збережено в:
| Формат: | Книга |
|---|---|
| Мова: | Іспанська |
| Опубліковано: |
Santiago
Universidad de Chile
2003
|
| Серія: | Teoría, 9
|
| Предмети: | |
| Теги: |
Додати тег
Немає тегів, Будьте першим, хто поставить тег для цього запису!
|
MARC
| LEADER | 00000nam a2200000 a 4500 | ||
|---|---|---|---|
| 001 | UCG1218 | ||
| 003 | CL-VaPUC | ||
| 005 | 20231110103314.0 | ||
| 008 | 100429e20030000CL |||||||||||||||||spa|d | ||
| 999 | |c 340627 |d 340625 | ||
| 020 | |a 9561904101 | ||
| 040 | |c Pontificia Universidad Católica de Valparaíso | ||
| 082 | 0 | 4 | |a 701 |b CON |2 21 |
| 245 | 1 | 0 | |a Conversaciones de Claudio di Girolamo con...Francisco Brugnoli, Néstor Olhagaray, Milan Ivelic, Mauricio Redolés |
| 260 | |a Santiago |b Universidad de Chile |c 2003 | ||
| 300 | |a 62 p | ||
| 490 | 0 | |a Teoría, 9 | |
| 583 | |a last modification |c 20100429 00:00:00 |k Rodrigo Vera | ||
| 600 | 0 | |a Di Girolamo, Claudio, |d 1929- |x Artista y gestor cultural |z Italia |9 549013 | |
| 600 | 0 | 7 | |a BRUGNOLI, FRANCISCO |2 CL-VaPUC |9 549014 |
| 600 | 0 | |a Olhagaray Llanos, Néstor, |d 1946- |9 549015 | |
| 600 | 0 | 7 | |a Ivelic Kusanovic, Milan |d 1935- |9 857961 |
| 600 | 0 | |a Redolés, Mauricio |9 471717 | |
| 650 | 0 | |a Filosofía del arte |9 264951 | |
| 852 | |a BIBCUR | ||
| 942 | |c BK |2 ddc | ||
| 945 | |d 20100429 00:00:00 |a rbrito | ||
| 952 | |0 0 |1 0 |4 0 |6 701_000000000000000_CON_2003 |7 0 |8 A |9 435498 |a BIBART |b BIBART |d 2019-11-22 |i 4665201 |l 12 |o 701 CON 2003 |p 4665201 |q 2025-07-31 |r 2025-03-13 |s 2024-12-19 |w 2019-11-22 |y BK |k ART | ||